| 000 | 00340nam a22001457a 4500 | ||
|---|---|---|---|
| 999 |
_c8012 _d8012 |
||
| 003 | OSt | ||
| 005 | 20200617125932.0 | ||
| 008 | 200617b ||||| |||| 00| 0 eng d | ||
| 020 | _a9788415492610 | ||
| 082 |
_a725.21 _bMOS |
||
| 100 | _a Mostaedi, Arian | ||
| 245 | _aShopdesign | ||
| 260 |
_aSpain _bLinks International, _c2013 |
||
| 942 | _2ddc | ||